[Event "Steinfurt Bezirksklasse 0405"]
[Site "Germany"]
[Date "2004.09.18"]
[Round "1.5"]
[White "Harke, Tim"]
[Black "Schreck, Uwe"]
[Result "0-1"]
[WhiteElo "1239"]
[BlackElo "1390"]
[PlyCount "66"]
[EventDate "2004.09.18"]
[EventType "team-tourn"]
[EventRounds "11"]
[EventCountry "GER"]
[SourceTitle "EXT 2006"]
[Source "ChessBase"]
[SourceDate "2005.11.24"]
[SourceVersion "1"]
[SourceVersionDate "2005.11.24"]
[SourceQuality "1"]
[WhiteTeam "Saerbeck IV"]
[BlackTeam "Ibbenbueren III"]
[WhiteTeamCountry "GER"]
[BlackTeamCountry "GER"]

1. c4 Nf6 2. Nc3 c5 3. Nf3 Nc6 4. g3 g6 5. Bg2 e5 6. d3 Bg7 7. 0-0 0-0 8. Bg5 d6 9. Qc1 Be6 10. a3 Nd4 11. Nxd4 exd4 12. Ne4 Bf5 13. Nxf6+ Bxf6 14. Bxf6 Qxf6 15. Bxb7 Bh3 16. Bxa8 Bxf1 17. Qxf1 Rxa8 18. b4 Rc8 19. Ra2 Qe6 20. Rc2 d5 21. cxd5 Qxd5 22. Qc1 Qe5 23. bxc5 Kg7 24. e3 Rd8 25. c6 Qc7 26. Rc4 dxe3 27. Qxe3 Rd6 28. Qf4 f6 29. d4 g5 30. Qc1 Kg6 31. Qc3 Kf5 32. Qf3+ Ke6 33. Qe4+ Kf7 0-1

[Event "Steinfurt Bezirksklasse 0304"]
[Site "Germany"]
[Date "2004.02.28"]
[Round "7.7"]
[White "Burton, Christopher"]
[Black "Harke, Tim"]
[Result "1/2-1/2"]
[WhiteElo "1227"]
[BlackElo "1009"]
[PlyCount "57"]
[EventDate "2003.09.27"]
[EventType "team-tourn"]
[EventRounds "11"]
[EventCountry "GER"]
[SourceTitle "EXT 2005"]
[Source "ChessBase"]
[SourceDate "2004.11.15"]
[SourceVersion "1"]
[SourceVersionDate "2004.11.15"]
[SourceQuality "1"]
[WhiteTeam "Westerkappeln II"]
[BlackTeam "Saerbeck Falke IV"]
[WhiteTeamCountry "GER"]
[BlackTeamCountry "GER"]

1. e4 e5 2. Nf3 Nc6 3. Bb5 Bc5 4. c3 a6 5. Bxc6 dxc6 6. b4 Bd6 7. d4 exd4 8. Qxd4 Nf6 9. e5 Qe7 10. 0-0 c5 11. exf6 cxd4 12. fxe7 dxc3 13. Nxc3 Bxb4 14. Nd5 Bd6 15. Re1 Be6 16. Nf4 Kxe7 17. Nxe6 fxe6 18. Bg5+ Kf7 19. Ne5+ Ke8 20. Rad1 Rf8 21. Re2 h5 22. Nc4 Kd7 23. Nxd6 cxd6 24. Bc1 Rac8 25. Bb2 g6 26. Rde1 Rfe8 27. Rd1 d5 28. f4 Rf8 29. g3 1/2-1/2

[Event "Steinfurt Bezirksklasse 0304"]
[Site "Germany"]
[Date "2004.02.07"]
[Round "6.6"]
[White "Peters, Tobias"]
[Black "Harke, Tim"]
[Result "1-0"]
[WhiteElo "1213"]
[BlackElo "1009"]
[PlyCount "38"]
[EventDate "2003.09.27"]
[EventType "team-tourn"]
[EventRounds "11"]
[EventCountry "GER"]
[SourceTitle "EXT 2005"]
[Source "ChessBase"]
[SourceDate "2004.11.15"]
[SourceVersion "1"]
[SourceVersionDate "2004.11.15"]
[SourceQuality "1"]
[WhiteTeam "Rheine SG II"]
[BlackTeam "Saerbeck Falke IV"]
[WhiteTeamCountry "GER"]
[BlackTeamCountry "GER"]

1. e4 e5 2. Nf3 Nc6 3. Bb5 Bc5 4. 0-0 Nd4 5. Nxd4 exd4 6. Qg4 g6 7. d3 c6 8. Ba4 d5 9. Qf3 dxe4 10. Qxe4+ Ne7 11. Qe5 Rf8 12. Qxc5 b5 13. Bb3 Be6 14. Bxe6 fxe6 15. Bg5 Rf7 16. Bxe7 Rxe7 17. Qxc6+ Qd7 18. Qxa8+ Qd8 19. Qxd8+ Kxd8 1-0